000 00504nam a2200169Ia 4500
003 GCL
008 140319s9999 xx 000 0 eng d
040 _aGCL /
_cGCL
082 0 4 _a005.711
_bM I
100 1 _aMARAN,KENNETH J
245 1 0 _aINTRODUCTION TO STRUCTRED PROGRMMING UNING TURBO PASCAL VERSION 5.0 ON THE I B M PC /
_cMARAN,KENNETH J
260 _a[S.N] :
_bMACMILLAN PUBLBISHING COMPANY ،
_c1991
300 _a728 P
650 0 4 _aPROGRAMMING
650 0 4 _aTURBO PASCAL
942 _2ddc
_cBK
999 _c14119
_d14119